Considerations on Some Aspects of Ancient Indian Polity / (Record no. 44680)

MARC details
000 -LEADER
fixed length control field 03365nam a22002537a 4500
003 - CONTROL NUMBER IDENTIFIER
control field CUTN
005 - DATE AND TIME OF LATEST TRANSACTION
control field 20250610131025.0
008 - FIXED-LENGTH DATA ELEMENTS--GENERAL INFORMATION
fixed length control field 250610b |||||||| |||| 00| 0 eng d
020 ## - INTERNATIONAL STANDARD BOOK NUMBER
International Standard Book Number 9788180942259
041 ## - LANGUAGE CODE
Language English
082 ## - DEWEY DECIMAL CLASSIFICATION NUMBER
Edition number 23
Classification number 320.954
Item number RAN
100 ## - MAIN ENTRY--PERSONAL NAME
Personal name Aiyangar K.V. Rangaswami
245 ## - TITLE STATEMENT
Title Considerations on Some Aspects of Ancient Indian Polity /
Statement of responsibility, etc K.V. Rangaswami Aiyangar
260 ## - PUBLICATION, DISTRIBUTION, ETC. (IMPRINT)
Place of publication, distribution, etc Chennai:
Name of publisher, distributor, etc MJP Publisher,
Date of publication, distribution, etc 2023.
300 ## - PHYSICAL DESCRIPTION
Extent 161p. :
Other physical details ill, ;
Dimensions 5.5 x 0.44 x 8.5 inches.
505 ## - FORMATTED CONTENTS NOTE
Contents Political Theory in Ancient India:<br/>The book delves into the political philosophy of ancient India, where the king (Raja) played a central role, as discussed in classical texts.<br/>It examines the king’s responsibilities, duties, and the principles that guided royal governance, including justice, welfare of the people, and dharma (moral order).<br/>The Arthashastra and Governance:<br/>Aiyangar highlights the Arthashastra as a foundational text of ancient Indian political thought. Written by Kautilya (Chanakya), it offers practical guidance on statecraft, administration, diplomacy, and the role of the ruler.<br/>The book discusses the Mandal Theory (the concept of alliances and strategic diplomacy) and spy systems, focusing on how rulers ensured stability and governance.<br/><br/>Concepts of Sovereignty and Authority:<br/>The idea of sovereignty is critically analyzed, examining how authority was vested in the king while simultaneously being balanced by a system of councils, advisors, and ministers.<br/><br/>Aiyangar also discusses the role of the council of ministers, the functioning of the priestly class in state matters, and the relationship between the monarch and the people.<br/>Dharma and Governance:<br/>A significant theme is the importance of dharma in governance. Ancient Indian polity was seen not just as a system of laws but also as a way to maintain moral order, with kings expected to act in alignment with dharma.<br/>The dharma-shastras provided a framework for righteous rule and the moral conduct expected from rulers.<br/>The Role of the People in Ancient Politics:<br/>The book also touches upon the role of the citizens in ancient Indian polity, reflecting on the concept of justice and the importance of public opinion in governance.<br/>Aiyangar highlights the sense of duty and loyalty that was expected from citizens toward the state and the ruler.
520 ## - SUMMARY, ETC.
Summary, etc This is not the first occasion on which it has been given to me to speak in this hall of many and hallowed memories, dear to me for over twenty years, since I entered it as a student in search of admission to a university course. It, is however, the first time when i have the pleasure of doing so in the character of the first lecture of the University on a foundation which owes its being to the enlightened munificence and burning zeal for the advancement of India history, science and culture, which characterized the eminent Indian, now no more, whose glorious career, so full of dazzling promise and of brilliant and many-sided achievement, was over even before the first of what he would assuredly have deemed his series of further benefactions to his University had time to materialize and to take shape.
650 ## - SUBJECT ADDED ENTRY--TOPICAL TERM
Topical term or geographic name as entry element Ancient Indian Polity
650 ## - SUBJECT ADDED ENTRY--TOPICAL TERM
Topical term or geographic name as entry element Arthashastra
650 ## - SUBJECT ADDED ENTRY--TOPICAL TERM
Topical term or geographic name as entry element Kautilya
650 ## - SUBJECT ADDED ENTRY--TOPICAL TERM
Topical term or geographic name as entry element Manusmriti
650 ## - SUBJECT ADDED ENTRY--TOPICAL TERM
Topical term or geographic name as entry element Statecraft
942 ## - ADDED ENTRY ELEMENTS (KOHA)
Source of classification or shelving scheme Dewey Decimal Classification
Koha item type General Books
Holdings
Withdrawn status Lost status Source of classification or shelving scheme Damaged status Not for loan Collection code Home library Location Shelving location Date of Cataloging Total Checkouts Full call number Barcode Date last seen Price effective from Koha item type
    Dewey Decimal Classification     Non-fiction CUTN Central Library CUTN Central Library History & Geography 10/06/2025   320.954 RAN 51605 10/06/2025 10/06/2025 General Books